000 00969nam0a22002651 4500
001 rc\661335
005 20031121165357.5
035 _a(NLR Aleph) 005900464
090 _a6271394
_c6271394
100 _a20031121d1986 u |0rusy50 ca
101 0 _arus
102 _aRU
105 _aa |||||||||
200 1 _aСмазывание машин общего назначения
_eУчеб. пособие по курсу "Детали машин"
_fИ.К. Ганулич, А.П. Кириллов, Л.И. Смелянская
_gПод ред. Д.Н. Решетова
_gМВТУ им. Н.Э. Баумана
210 _aМ.
_cМВТУ
_d1986
215 _a36 с.
_cил.
_d20
320 _aБиблиогр.: с. 36 (15 назв.)
700 1 _aГанулич
_bИ. К.
701 1 _aКириллов
_bА. П.
701 1 _aСмелянская
_bЛ. И.
801 0 _aRU
_bNLR
_gpsbo
801 1 _aRU
_bELAR
_2rusmarc
852 _aNLR
_j86-4/13458
942 _cBOOK
980 _aNB